000 00476nam a2200181Ia 4500
001 16555
005 20260306170318.0
008 260306t2002||||xx |||||||||||||| ||und||
041 _aESP
082 _a348.61
_bT79
100 _aTrejos, Juan Diego
_eAUT
245 0 _aEl trabajo decente y el sector informal en los países del istmo centroamericano
260 _c2002
300 _a94 páginas :
_c27 cm.
650 _aGEN
654 _aCDE
942 _cLIB
_dJUS
_fJUS
_2ddc
_n
999 _c16555
_d16555